000 00371nam a2200145Ia 4500
008 230312s9999||||xx |||||||||||||| ||und||
020 _a978.643104259
082 _a779
_bMUS-A
100 _aGraves,Michael
245 4 _aThe complete guide to servers and server+
260 _bCSIRO
_aChina
_c2011
300 _a104
650 _aComputer
_vElectronic Books
942 _cBK
999 _c17633
_d17633